00937nam a2200229Ia 4500003000900000008004100009020001800050040001600068080002300084111007700107245025700184260003700441300001600478490002700494650004100521650002300562650001800585700002500603700002100628700002100649710003700670IN-BaIIA211028s9999 xx 000 0 eng d a0-7923-2523-0 cIIA Library a082.2:52bIAU-S154 aSymposium of the International Astronomical UnioncU.S.A.d1992 Mar. 2-6 0aInfrared solar physicsbproceedings of the 154th symposium of the International Astronomical Union held in Tucson, Arizona, U.S.A. March 2-6,1992cedited by D. M. Rabin, Jefferies J. T. and C. Lindsey  aDordrechtbKluwer Academicc1994 axvii, 608p. aIAU symposium; no. 154 aAstronomy and Astrophysics thesaurus aInfrared astronomy aSolar physics aJefferies, J. T., ed aLindsey, C., ed. aRabin, D. M., ed aInternational Astronomical Union